000
00464nam a2200145Ia 4500
008
100204s9999 xx 000 0 und d
082
_b
729
100
_a
वाळिंबे वि. स.
245
_a
ऑपरेशन थंडर
260
_b
"अजब पुस्तकालय, कोल्हापूर"
_c
1976
300
_a
96
630
_a
ऑपरेशन थंडर
730
_a
ऑपरेशन थंडर
942
_c
BOOK
999
_c
445924
_d
445921